[Event "Challenge"]
[Site "http://www.queenalice.com/game.php?id=1469731"]
[Date "2017.3.20"]
[Round "-"]
[White "Diogene"]
[Black "Baby_Chess_91"]
[Result "0-1"]
[WhiteElo "1500"]
[BlackElo "900"]

1. e4 e5 2. f4 d6 3. Nf3 Nc6 4. Bc4 Be6 5. Bxe6 fxe6 6. O-O Nf6 7. Nc3 d5 8.
exd5 exd5 9. fxe5 Ng4 10. d4 Be7 11. Ne2 O-O 12. c3 Qd7 13. Qc2 Qe6 14. Ng5 Bxg5
15. Bxg5 Rxf1+ 16. Rxf1 Rf8 17. Bf4 b5 18. Rf3 b4 19. Rh3 bxc3 20. bxc3 Rb8 21.
Qxh7+ Kf7 0-1

[Event "Challenge"]
[Site "http://www.queenalice.com/game.php?id=1470959"]
[Date "2017.3.28"]
[Round "-"]
[White "Diogene"]
[Black "Nicole63"]
[Result "1-0"]
[WhiteElo "1500"]
[BlackElo "1300"]

1. e4 e5 2. Nf3 d6 3. Bc4 Qe7 4. O-O Nf6 5. Re1 Nc6 6. c3 Bd7 7. d4 Na5 8. Bb3
Nxb3 9. Qxb3 exd4 10. Qxb7 Rd8 11. Bg5 Ng4 12. Bxe7 Bxe7 13. cxd4 O-O 14. Nbd2
Bg5 15. Qxc7 Ba4 16. Qxa7 Bc2 17. Nxg5 f6 18. Ne6 Rde8 19. Qxg7# 1-0

[Event "Challenge"]
[Site "http://www.queenalice.com/game.php?id=1470963"]
[Date "2017.3.28"]
[Round "-"]
[White "Diogene"]
[Black "Crusader"]
[Result "0-1"]
[WhiteElo "1550"]
[BlackElo "1784"]

1. e4 e6 2. f4 d5 3. e5 c5 4. Bb5+ Bd7 5. Bxd7+ Nxd7 6. b3 Ne7 7. Bb2 Ng6 8. Nh3
Be7 9. O-O c4 10. d4 b5 11. Nd2 O-O 12. Nf3 h6 13. g4 f5 14. g5 Rc8 15. gxh6
gxh6 0-1

[Event "Challenge"]
[Site "http://www.queenalice.com/game.php?id=1473305"]
[Date "2017.4.14"]
[Round "-"]
[White "Diogene"]
[Black "Nicole63"]
[Result "1-0"]
[WhiteElo "1517"]
[BlackElo "1002"]

1. e4 e5 2. f4 exf4 3. Nf3 d6 4. d4 Nf6 5. Bd3 Nc6 6. Bxf4 Be7 7. O-O O-O 8. c3
Bg4 9. Nbd2 Qd7 10. Qc2 b6 11. e5 Nd5 12. Ng5 Ne3 13. Bxe3 b5 14. Nxh7 Rfe8 15.
Bg5 b4 16. Nf6+ Kf8 17. Nxd7+ Kg8 18. Nf6+ Kh8 19. Nxe8 Rxe8 20. Bxe7 g6 21.
Bf6+ Kg8 22. Bxg6 fxg6 23. Qxg6+ Kf8 24. Qg7# 1-0

[Event "Challenge"]
[Site "http://www.queenalice.com/game.php?id=1474488"]
[Date "2017.4.21"]
[Round "-"]
[White "Baby_Chess_91"]
[Black "Diogene"]
[Result "1/2-1/2"]
[WhiteElo "1028"]
[BlackElo "1473"]

1. e4 e5 2. Nf3 Nc6 3. Bc4 Nf6 4. d3 Bc5 5. O-O d5 6. exd5 Nxd5 7. Qe2 Be6 8. d4
exd4 9. Bd2 Qd6 10. c3 d3 11. Bxd3 O-O-O 12. Bg5 f6 13. Bh4 Nf4 14. Qe4 Qxd3 15.
Qxf4 g5 16. Nxg5 fxg5 17. Bxg5 Bc4 18. Re1 Rdf8 19. Bf6 h5 20. Qg5 Bxf2+ 21.
Kxf2 Qd6 22. Kg1 Qxf6 23. Qxf6 Rxf6 24. Nd2 Bd3 1/2-1/2

[Event "Challenge"]
[Site "http://www.queenalice.com/game.php?id=1474540"]
[Date "2017.4.22"]
[Round "-"]
[White "WLAO"]
[Black "Diogene"]
[Result "1-0"]
[WhiteElo "1562"]
[BlackElo "1517"]

1. b3 e5 2. d3 f5 3. Nf3 Nc6 4. Bg5 Nf6 5. Nbd2 Bb4 6. g3 O-O 7. a3 Be7 8. Bg2
d5 9. O-O Ng4 10. Bxe7 Qxe7 11. c4 Be6 12. e3 e4 13. dxe4 fxe4 14. Nh4 Nd8 15.
cxd5 1-0

[Event "Challenge"]
[Site "http://www.queenalice.com/game.php?id=1475969"]
[Date "2017.4.30"]
[Round "-"]
[White "Nicole63"]
[Black "Diogene"]
[Result "0-1"]
[WhiteElo "1002"]
[BlackElo "1473"]

1. e4 e5 2. Bc4 Nf6 3. Nc3 c6 4. d3 d5 5. Bb3 Bb4 6. Qd2 O-O 7. Nf3 d4 8. Ne2
Bxd2+ 9. Bxd2 Na6 10. Nxe5 Ng4 11. O-O Qh4 12. Nc4 Qxh2# 0-1

[Event "Challenge"]
[Site "http://www.queenalice.com/game.php?id=1476861"]
[Date "2017.5.5"]
[Round "-"]
[White "Diogene"]
[Black "Nicole63"]
[Result "1-0"]
[WhiteElo "1437"]
[BlackElo "974"]

1. e4 e5 2. Nf3 Nc6 3. Bc4 Nf6 4. Ng5 Bc5 5. Nxf7 Qe7 6. Nxh8 Qf8 7. d3 d6 8.
Nf7 Kd7 9. Ng5 h6 10. Ne6 Qf7 11. Nxc7 Kxc7 12. Bxf7 Nd8 13. Bd5 Kd7 14. b3 Nxd5
15. Qf3 Kc6 16. exd5+ Kb6 17. Be3 h5 18. Bxc5+ dxc5 19. Qf8 Bf5 20. Qxf5 h4 21.
O-O Rc8 22. Qxc8 Nf7 23. b4 Kb5 24. Qxc5+ Ka4 25. Nc3+ Ka3 26. Qc4 b5 27. Qb3#
1-0

[Event "Challenge"]
[Site "http://www.queenalice.com/game.php?id=1477456"]
[Date "2017.5.9"]
[Round "-"]
[White "Diogene"]
[Black "Baby_Chess_91"]
[Result "1-0"]
[WhiteElo "1411"]
[BlackElo "1038"]

1. e4 e5 2. f4 d6 3. Nf3 Nf6 4. Nc3 Be6 5. d4 Nc6 6. Bb5 Ng4 7. O-O exf4 8. d5
Bc8 9. dxc6 Ke7 10. cxb7 Bxb7 11. Bxf4 c6 12. Bd3 Kd7 13. Ng5 Be7 14. Nxf7 Qb6+
15. Kh1 Rhc8 16. Qxg4+ Kc7 17. Rab1 Qd4 18. Bb5 Rf8 19. Ng5 Bxg5 20. Qxg5 Rae8
21. Rbd1 Qb4 22. Bc4 Qxb2 23. Qxg7+ Kb6 24. Rb1 Kc5 25. Rxb2 Kxc4 26. Rxb7 d5
27. Rf7 Rxf7 28. Qxf7 Rb8 29. Ne2 Rb2 30. exd5 cxd5 31. a4 Rxc2 32. Rc1 Kd3 33.
Qxd5+ Kxe2 34. Rxc2+ Ke1 35. Qd2+ Kf1 36. Rc1# 1-0

[Event "Challenge"]
[Site "http://www.queenalice.com/game.php?id=1477771"]
[Date "2017.5.12"]
[Round "-"]
[White "skimonline"]
[Black "Diogene"]
[Result "1-0"]
[WhiteElo "1478"]
[BlackElo "1473"]

1. Nf3 Nc6 2. Nc3 e5 3. Nb5 e4 4. Nfd4 Nxd4 5. Nxd4 d5 6. c3 f5 7. e3 Nf6 8.
Bb5+ c6 9. Ba4 Bd6 10. b4 O-O 11. f4 exf3 12. Qxf3 1-0

[Event "Challenge"]
[Site "http://www.queenalice.com/game.php?id=1479346"]
[Date "2017.5.22"]
[Round "-"]
[White "Diogene"]
[Black "minuitpile"]
[Result "0-1"]
[WhiteElo "1437"]
[BlackElo "1471"]

1. e4 e5 2. f4 exf4 3. Nf3 Nf6 4. e5 Ne4 5. d4 d5 6. Bxf4 Nc6 7. c3 Be6 8. Bd3
Bf5 9. O-O Be7 10. Nbd2 Qd7 11. Qe2 O-O-O 12. Nxe4 dxe4 13. Bxe4 Bxe4 14. Qxe4
f5 15. Qc2 h6 16. Bg3 Rdf8 17. b4 Qd5 18. a4 Bxb4 19. cxb4 Nxb4 20. Qc3 Nc6 21.
Be1 Re8 22. a5 Rd8 23. a6 Nxd4 24. axb7+ Kxb7 25. Qb4+ Nb5 26. Bf2 a6 27. Ra5
Rhe8 28. Rfa1 Re6 0-1

[Event "Challenge"]
[Site "http://www.queenalice.com/game.php?id=1479813"]
[Date "2017.5.26"]
[Round "-"]
[White "Nicole63"]
[Black "Diogene"]
[Result "0-1"]
[WhiteElo "997"]
[BlackElo "1412"]

1. e4 e5 2. Nf3 Nc6 3. d4 exd4 4. Nxd4 Nxd4 5. Qxd4 Qe7 6. Bc4 c6 7. Bf4 d5 8.
Bb3 Bf5 9. Nc3 Nf6 10. O-O Nxe4 11. Ne2 Qf6 12. Qxf6 Nxf6 13. Rac1 Rd8 14. Nd4
Bg6 15. Ba4 Bd6 16. Bg5 Be7 17. Rce1 Rd7 18. b3 O-O 19. c4 Re8 20. cxd5 Bd3 21.
Ne2 Nxd5 22. Rd1 Bxe2 23. Rd4 Bxf1 24. Kxf1 Bxg5 25. Rd1 Red8 26. b4 Nc3 27. Re1
Rd1 28. Rxd1 Nxd1 29. g3 Nc3 30. a3 Nxa4 31. Kg2 Rd3 32. f3 Rxa3 33. Kh3 Rxf3
34. b5 cxb5 35. Kg4 Rf2 36. h3 Be7 37. Kh5 g6+ 38. Kg4 h6 39. h4 h5+ 40. Kh3 b4
41. g4 b3 42. gxh5 b2 43. h6 b1=Q 44. h7+ Kxh7 45. Kg4 Qe4+ 46. Kg3 Rf3+ 47. Kg2
Qe2+ 48. Kh1 Rf1# 0-1

[Event "Challenge"]
[Site "http://www.queenalice.com/game.php?id=1482888"]
[Date "2017.6.19"]
[Round "-"]
[White "Nicole63"]
[Black "Diogene"]
[Result "0-1"]
[WhiteElo "1017"]
[BlackElo "1412"]

1. e4 e5 2. Bc4 Nf6 3. Nc3 Bb4 4. Nf3 Nc6 5. O-O Bxc3 6. dxc3 Nxe4 7. Qe2 d5 8.
Rd1 Be6 9. b3 Qf6 10. Be3 O-O-O 11. b4 dxc4 12. Re1 Nxc3 13. Qf1 Nb5 14. Bg5 Qg6
15. g3 Rde8 16. Rxe5 Nxe5 17. Re1 Nxf3+ 18. Kg2 Nxe1+ 19. Qxe1 Bh3+ 20. Kxh3
Rxe1 21. Kh4 h6 22. Bd2 Rg1 23. Be3 Nc3 24. Bxa7 Qg5+ 25. Kh3 Qh5# 0-1

[Event "Challenge"]
[Site "http://www.queenalice.com/game.php?id=1483857"]
[Date "2017.6.26"]
[Round "-"]
[White "Baby_Chess_91"]
[Black "Diogene"]
[Result "1-0"]
[WhiteElo "1073"]
[BlackElo "1413"]

1. e4 e5 2. Nf3 Nc6 3. Bc4 Nf6 4. d3 Bc5 5. O-O Ng4 6. d4 exd4 7. Nxd4 d5 8. Be3
Qf6 9. Bxd5 Nge5 10. Nd2 Qg6 11. N2b3 Bh3 12. g3 Bxf1 13. Kxf1 Bxd4 14. Nxd4
O-O-O 15. Nxc6 Nxc6 16. Qd3 Kb8 17. Qb3 b6 18. Rd1 Qd6 19. Bf4 Qc5 20. c3 Na5
21. Qc2 f5 22. e5 Rxd5 23. Re1 g6 24. Bg5 Re8 25. Bf6 Nc4 26. Qa4 Nxe5 27. Qxe8+
Kb7 28. Bxe5 1-0

[Event "Challenge"]
[Site "http://www.queenalice.com/game.php?id=1483862"]
[Date "2017.6.26"]
[Round "-"]
[White "Diogene"]
[Black "Nicole63"]
[Result "1-0"]
[WhiteElo "1413"]
[BlackElo "1017"]

1. e4 e5 2. Nf3 Nc6 3. Bc4 d5 4. Bxd5 Nb4 5. Bb3 Nf6 6. Ng5 Bc5 7. Nxf7 Qd4 8.
O-O O-O 9. c3 Qxe4 10. Ng5+ Kh8 11. Nxe4 Nxe4 12. d4 exd4 13. cxd4 Bd6 14. Be3
Re8 15. Nd2 Nd3 16. Nxe4 Rxe4 17. Qxd3 Re8 18. Bc2 g6 19. h4 Bf5 20. Qb3 Be6 21.
Qc3 Be7 22. h5 Bf5 23. hxg6 Bxg6 24. Bxg6 hxg6 25. Qxc7 g5 26. g3 g4 27. Kg2
Rec8 28. Qxe7 Re8 29. Rh1+ Kg8 30. Qh7+ Kf8 31. Bh6# 1-0